| 000 | 00421nam a22001817a 4500 | ||
|---|---|---|---|
| 003 | MPLRDC | ||
| 005 | 20220104113855.0 | ||
| 008 | 210129b ||||| |||| 00| 0 eng d | ||
| 082 | _a848.2 YGZ-17 | ||
| 100 | _a余光中著 | ||
| 245 |
_a莲的联想 _c |
||
| 250 | _a再版 | ||
| 260 |
_a _b大林出版社 _c1983 |
||
| 300 | _b平 | ||
| 490 | _a大林文库;1 | ||
| 650 | _a现代别集 | ||
| 942 |
_cBK _o848.2 YGZ-17 |
||
| 999 |
_c3029 _d3019 |
||